Biodiversitas : (Registro nro. 16710)
[ vista simple ]
| 000 -CABECERA | |
|---|---|
| Campo de control | 00862aasaa2200217 a 4500 |
| 005 - FECHA Y HORA DE LA ULTIMA TRANSACCION | |
| Campo de control | 20191217042434.0 |
| 008 - ELEMENTOS DE LONGITUD FIJA—INFORMACION GENERAL | |
| Campo de control | 170427q1995 mx bu|p|r|||| 00| b spa d |
| 040 ## - FUENTE DE CATALOGACIÓN | |
| Agencia catalogadora original | CO-BoIAVH |
| Agencia transcriptora | CO-BoIAVH |
| 041 0# - IDIOMA | |
| Código de idioma para texto/pista de sonido o título separado | Español |
| 044 ## - PAÍS DE PUBLICACIÓN | |
| País de publicación | México |
| 090 ## - CLASIFICACIÓN LOCAL | |
| Colección | SE |
| 245 00 - MENCION DE TITULO | |
| Título | Biodiversitas : |
| Parte restante del título | Boletín bimestral de la Comisión Nacional para el Conocimiento y Uso de la Biodiversidad / |
| 260 ## - PUBLICACION, DISTRIBUCION, ETC. (PIE DE IMPRENTA) | |
| Lugar de publicación, distribución, etc. | México : |
| Nombre del editor, distribuidor, etc. | Comisión Nacional para el Conocimiento y Uso de la Biodiversidad (Conabio), |
| Fecha de publicación, distribución, etc. | 1995-. |
| 300 ## - DESCRIPCION FISICA | |
| Otros detalles físicos | ilustraciones a color y fotografías a color ; |
| Dimensiones | 27 x 20 cm. |
| 310 ## - FRECUENCIA ACTUAL DE LA PUBLICACIÓN | |
| Frecuencia actual de la publicación | Bimensual |
| 650 26 - ASIENTO SECUNDARIO DE MATERIA - TERMINO TEMATICO | |
| Término temático o nombre geográfico como elemento de entrada | Biodiversidad |
| Subdivisión de forma | Publicaciones periódicas |
| 9 (RLIN) | 81235 |
| 650 26 - ASIENTO SECUNDARIO DE MATERIA - TERMINO TEMATICO | |
| Término temático o nombre geográfico como elemento de entrada | Recursos biológicos |
| Subdivisión de forma | Publicaciones periódicas |
| 9 (RLIN) | 81236 |
| 651 #6 - ASIENTO SECUNDARIO DE MATERIA - NOMBRE GEOGRAFICO | |
| Nombre geográfico | México |
| 9 (RLIN) | 81237 |
| 710 2# - ASIENTO SECUNDARIO - NOMBRE CORPORATIVO | |
| Nombre corporativo o de jurisdicción como elemento de entrada | Comisión Nacional para el Conocimiento y Uso de la Biodiversidad (CONABIO) |
| 9 (RLIN) | 3342 |
| 942 ## - ELEMENTOS ADICIONALES (KOHA) | |
| Sistema de clasificación | Local |
| Tipo de ítem | Periodica o revista |
| Serial record | 1 |
| Withdrawn status | Lost status | Sistema de Clasificación | Damaged status | No para préstamo | Colección | Fecha publicación (Año) | Volumen revista | Número revista | Ubicación Permanente | Ubicación actual | Fecha de adquisición | Precio | Datos de publicación Seriada | Total Checkouts | Número topográfico | Inventario / Código de Barras | Date last seen | Ejemplar | Price effective from | Forma de adquisición | Tipo de material |
|---|---|---|---|---|---|---|---|---|---|---|---|---|---|---|---|---|---|---|---|---|---|
| Local | Hemeroteca | 1996 | 2 | 6 | Bogotá | Bogotá | 28/04/2017 | 10.00 | Año 2, No 6 | SE | 005969 | 28/04/2017 | Ej. 1 | 28/04/2017 | Donación | Periodica o revista | |||||
| Local | Hemeroteca | 1998 | 4 | 21 | Bogotá | Bogotá | 28/04/2017 | 10.00 | Año 4, No 21 | SE | 005984 | 28/04/2017 | Ej. 1 | 28/04/2017 | Donación | Periodica o revista | |||||
| Local | Hemeroteca | 1995 | 1 | 2 | Bogotá | Bogotá | 28/04/2017 | 10.00 | Año 1, No 2 | SE | 005966 | 28/04/2017 | Ej. 1 | 28/04/2017 | Donación | Periodica o revista | |||||
| Local | Hemeroteca | 2011 | 98 | Bogotá | Bogotá | 28/04/2017 | 10.00 | Número 98 | SE | 058077 | 28/04/2017 | Ej. 1 | 28/04/2017 | Donación | Periodica o revista | ||||||
| Local | Hemeroteca | 1996 | 2 | 10 | Bogotá | Bogotá | 28/04/2017 | 10.00 | Año 2, No 10 | SE | 005946 | 28/04/2017 | Ej. 1 | 28/04/2017 | Donación | Periodica o revista | |||||
| Local | Hemeroteca | 1999 | 5 | 26 | Bogotá | Bogotá | 28/04/2017 | 10.00 | Año 5, No 26 | SE | 005989 | 28/04/2017 | Ej. 1 | 28/04/2017 | Donación | Periodica o revista | |||||
| Local | Hemeroteca | 2000 | 5 | 29 | Bogotá | Bogotá | 28/04/2017 | 10.00 | Año 5, No 29 | SE | 005992 | 28/04/2017 | Ej. 1 | 28/04/2017 | Donación | Periodica o revista | |||||
| Local | Hemeroteca | 2000 | 6 | 32 | Bogotá | Bogotá | 28/04/2017 | 10.00 | Año 6, No 32 | SE | 005995 | 28/04/2017 | Ej. 1 | 28/04/2017 | Donación | Periodica o revista | |||||
| Local | Hemeroteca | 2002 | 7 | 43 | Bogotá | Bogotá | 28/04/2017 | 10.00 | Año 7, No 43 | SE | 006004 | 28/04/2017 | Ej. 1 | 28/04/2017 | Donación | Periodica o revista | |||||
| Local | Hemeroteca | 1996 | 2 | 5 | Bogotá | Bogotá | 28/04/2017 | 10.00 | Año 2, No 5 | SE | 005942 | 28/04/2017 | Ej. 1 | 28/04/2017 | Donación | Periodica o revista | |||||
| Local | Hemeroteca | 1999 | 5 | 25 | Bogotá | Bogotá | 28/04/2017 | 10.00 | Año 5, No 25 | SE | 005988 | 28/04/2017 | Ej. 1 | 28/04/2017 | Donación | Periodica o revista | |||||
| Local | Herpetología | 1995 | 1 | 1 | Bogotá | Bogotá | 28/04/2017 | 10.00 | Año 1, No 1 | SE | 005965 | 28/04/2017 | Ej. 1 | 28/04/2017 | Donación | Periodica o revista | |||||
| Local | Hemeroteca | 1999 | 5 | 23 | Bogotá | Bogotá | 28/04/2017 | 10.00 | Año 5, No 23 | SE | 005986 | 28/04/2017 | Ej. 1 | 28/04/2017 | Donación | Periodica o revista | |||||
| Local | Hemeroteca | 1999 | 5 | 24 | Bogotá | Bogotá | 28/04/2017 | 10.00 | Año 5, No 24 | SE | 005987 | 28/04/2017 | Ej. 1 | 28/04/2017 | Donación | Periodica o revista | |||||
| Local | Hemeroteca | 1997 | 3 | 12 | Bogotá | Bogotá | 28/04/2017 | 10.00 | Año 3, No 12 | SE | 005948 | 28/04/2017 | Ej. 1 | 28/04/2017 | Donación | Periodica o revista | |||||
| Local | Hemeroteca | 2003 | 7 | 46 | Bogotá | Bogotá | 28/04/2017 | 10.00 | Año 7, No 46 | SE | 006846 | 28/04/2017 | Ej. 1 | 28/04/2017 | Donación | Periodica o revista | |||||
| Local | Hemeroteca | 2000 | 5 | 28 | Bogotá | Bogotá | 28/04/2017 | 10.00 | Año 5, No 28 | SE | 005991 | 28/04/2017 | Ej. 1 | 28/04/2017 | Donación | Periodica o revista | |||||
| Local | Hemeroteca | 2000 | 6 | 33 | Bogotá | Bogotá | 28/04/2017 | 10.00 | Año 6, No 33 | SE | 005996 | 28/04/2017 | Ej. 1 | 28/04/2017 | Donación | Periodica o revista | |||||
| Local | Hemeroteca | 2011 | 99 | Bogotá | Bogotá | 28/04/2017 | 10.00 | Número 99 | SE | 058126 | 28/04/2017 | Ej. 1 | 28/04/2017 | Donación | Periodica o revista | ||||||
| Local | Hemeroteca | 1999 | 5 | 22 | Bogotá | Bogotá | 28/04/2017 | 10.00 | Año 5, No 22 | SE | 005985 | 28/04/2017 | Ej. 1 | 28/04/2017 | Donación | Periodica o revista | |||||
| Local | Hemeroteca | 2006 | 66 | Bogotá | Bogotá | 28/04/2017 | 10.00 | Número 66 | SE | 023970 | 28/04/2017 | Ej. 1 | 28/04/2017 | Donación | Periodica o revista | ||||||
| Local | Hemeroteca | 1999 | 5 | 27 | Bogotá | Bogotá | 28/04/2017 | 10.00 | Año 5, No 27 | SE | 005990 | 28/04/2017 | Ej. 1 | 28/04/2017 | Donación | Periodica o revista | |||||
| Local | Hemeroteca | 2001 | 6 | 37 | Bogotá | Bogotá | 28/04/2017 | 10.00 | Año 6, No 37 | SE | 006001 | 28/04/2017 | Ej. 1 | 28/04/2017 | Donación | Periodica o revista | |||||
| Local | Hemeroteca | 2008 | 79 | Bogotá | Bogotá | 28/04/2017 | 10.00 | Número 79 | SE | 027596 | 28/04/2017 | Ej. 1 | 28/04/2017 | Donación | Periodica o revista | ||||||
| Local | Hemeroteca | 2002 | 6 | 42 | Bogotá | Bogotá | 28/04/2017 | 10.00 | Año 6, No 42 | SE | 006003 | 28/04/2017 | Ej. 1 | 28/04/2017 | Donación | Periodica o revista | |||||
| Local | Hemeroteca | 2001 | 6 | 34 | Bogotá | Bogotá | 28/04/2017 | 10.00 | Año 6, No 34 | SE | 005997 | 28/04/2017 | Ej. 1 | 28/04/2017 | Donación | Periodica o revista | |||||
| Local | Hemeroteca | 2012 | 100 | Bogotá | Bogotá | 28/04/2017 | 10.00 | Número 100 | SE | 058125 | 28/04/2017 | Ej. 1 | 28/04/2017 | Donación | Periodica o revista | ||||||
| Local | Herpetología | 1997 | 3 | 13 | Bogotá | Bogotá | 28/04/2017 | 10.00 | Año 3, No 13 | SE | 005949 | 28/04/2017 | Ej. 1 | 28/04/2017 | Donación | Periodica o revista | |||||
| Local | Hemeroteca | 2000 | 5 | 30 | Bogotá | Bogotá | 28/04/2017 | 10.00 | Año 5, No 30 | SE | 005993 | 28/04/2017 | Ej. 1 | 28/04/2017 | Donación | Periodica o revista | |||||
| Local | Hemeroteca | 2000 | 6 | 31 | Bogotá | Bogotá | 28/04/2017 | 10.00 | Año 6, No 31 | SE | 005994 | 28/04/2017 | Ej. 1 | 28/04/2017 | Donación | Periodica o revista | |||||
| Local | Hemeroteca | 1997 | 3 | 14 | Bogotá | Bogotá | 28/04/2017 | 10.00 | Año 3, No 14 | SE | 005950 | 28/04/2017 | Ej. 1 | 28/04/2017 | Donación | Periodica o revista | |||||
| Local | Hemeroteca | 2004 | 53 | Bogotá | Bogotá | 28/04/2017 | 10.00 | Número 53 | SE | 016187 | 28/04/2017 | Ej. 1 | 28/04/2017 | Donación | Periodica o revista | ||||||
| Local | Hemeroteca | 1995 | 1 | 4 | Bogotá | Bogotá | 28/04/2017 | 10.00 | Año 1, No 4 | SE | 005967 | 28/04/2017 | Ej. 1 | 28/04/2017 | Donación | Periodica o revista | |||||
| Local | Hemeroteca | 2002 | 7 | 44 | Bogotá | Bogotá | 28/04/2017 | 10.00 | Año 7, No 44 | SE | 017969 | 28/04/2017 | Ej. 1 | 28/04/2017 | Donación | Periodica o revista | |||||
| Local | Hemeroteca | 2002 | 6 | 41 | Bogotá | Bogotá | 28/04/2017 | 10.00 | Año 6, No 41 | SE | 025101 | 28/04/2017 | Ej. 1 | 28/04/2017 | Donación | Periodica o revista | |||||
| Local | Hemeroteca | 2007 | 73 | Bogotá | Bogotá | 28/04/2017 | 10.00 | Número 73 | SE | 041204 | 28/04/2017 | Ej. 1 | 28/04/2017 | Donación | Periodica o revista | ||||||
| Local | Hemeroteca | 1998 | 4 | 19 | Bogotá | Bogotá | 28/04/2017 | 10.00 | Año 4, No 19 | SE | 005980 | 28/04/2017 | Ej. 1 | 28/04/2017 | Donación | Periodica o revista | |||||
| Local | Hemeroteca | 1998 | 4 | 18 | Bogotá | Bogotá | 28/04/2017 | 10.00 | Año 4, No 18 | SE | 005982 | 28/04/2017 | Ej. 1 | 28/04/2017 | Donación | Periodica o revista | |||||
| Local | Hemeroteca | 2003 | 8 | 48 | Bogotá | Bogotá | 28/04/2017 | 10.00 | Año 8, No 48 | SE | 014969 | 28/04/2017 | Ej. 1 | 28/04/2017 | Donación | Periodica o revista | |||||
| Local | Hemeroteca | 2003 | 8 | 51 | Bogotá | Bogotá | 28/04/2017 | 10.00 | Año 8, No 51 | SE | 014744 | 28/04/2017 | Ej. 1 | 28/04/2017 | Donación | Periodica o revista | |||||
| Local | Hemeroteca | 1997 | 3 | 11 | Bogotá | Bogotá | 28/04/2017 | 10.00 | Año 3, No 11 | SE | 005947 | 28/04/2017 | Ej. 1 | 28/04/2017 | Donación | Periodica o revista | |||||
| Local | Hemeroteca | 1998 | 4 | 17 | Bogotá | Bogotá | 28/04/2017 | 10.00 | Año 4, No 17 | SE | 005981 | 28/04/2017 | Ej. 1 | 28/04/2017 | Donación | Periodica o revista | |||||
| Local | Hemeroteca | 2006 | 65 | Bogotá | Bogotá | 28/04/2017 | 10.00 | Número 65 | SE | 023969 | 28/04/2017 | Ej. 1 | 28/04/2017 | Donación | Periodica o revista | ||||||
| Local | Hemeroteca | 1996 | 2 | 9 | Bogotá | Bogotá | 28/04/2017 | 10.00 | Año 2, No 9 | SE | 005945 | 28/04/2017 | Ej. 1 | 28/04/2017 | Donación | Periodica o revista | |||||
| Local | Hemeroteca | 2007 | 74 | Bogotá | Bogotá | 28/04/2017 | 10.00 | Número 74 | SE | 025448 | 28/04/2017 | Ej. 1 | 28/04/2017 | Donación | Periodica o revista | ||||||
| Local | Hemeroteca | 1997 | 3 | 15 | Bogotá | Bogotá | 28/04/2017 | 10.00 | Año 3, No 15 | SE | 005978 | 28/04/2017 | Ej. 1 | 28/04/2017 | Donación | Periodica o revista | |||||
| Local | Hemeroteca | 2003 | 8 | 49 | Bogotá | Bogotá | 28/04/2017 | 10.00 | Año 8, No 49 | SE | 014937 | 28/04/2017 | Ej. 1 | 28/04/2017 | Donación | Periodica o revista | |||||
| Local | Hemeroteca | 2003 | 8 | 50 | Bogotá | Bogotá | 28/04/2017 | 10.00 | Año 8, No 50 | SE | 014745 | 28/04/2017 | Ej. 1 | 28/04/2017 | Donación | Periodica o revista | |||||
| Local | Hemeroteca | 1997 | 3 | 16 | Bogotá | Bogotá | 28/04/2017 | 10.00 | Año 3, No 16 | SE | 005979 | 28/04/2017 | Ej. 1 | 28/04/2017 | Donación | Periodica o revista | |||||
| Local | Hemeroteca | 2001 | 6 | 35 | Bogotá | Bogotá | 28/04/2017 | 10.00 | Año 6, No 35 | SE | 005999 | 28/04/2017 | Ej. 1 | 28/04/2017 | Donación | Periodica o revista | |||||
| Local | Hemeroteca | 2012 | 104 | Bogotá | Bogotá | 28/04/2017 | 10.00 | Número 104 | SE | 058124 | 28/04/2017 | Ej. 1 | 28/04/2017 | Donación | Periodica o revista | ||||||
| Local | Hemeroteca | 1996 | 2 | 8 | Bogotá | Bogotá | 28/04/2017 | 10.00 | Año 2, No 8 | SE | 005944 | 28/04/2017 | Ej. 1 | 28/04/2017 | Donación | Periodica o revista | |||||
| Local | Hemeroteca | 2007 | 71 | Bogotá | Bogotá | 28/04/2017 | 10.00 | Número 71 | SE | 024330 | 28/04/2017 | Ej. 1 | 28/04/2017 | Donación | Periodica o revista | ||||||
| Local | Hemeroteca | 2011 | 95 | Bogotá | Bogotá | 28/04/2017 | 10.00 | Número 95 | SE | 058127 | 28/04/2017 | Ej. 1 | 28/04/2017 | Donación | Periodica o revista | ||||||
| Local | Hemeroteca | 1998 | 4 | 20 | Bogotá | Bogotá | 28/04/2017 | 10.00 | Año 4, No 20 | SE | 005983 | 28/04/2017 | Ej. 1 | 28/04/2017 | Donación | Periodica o revista | |||||
| Local | Hemeroteca | 2001 | 6 | 36 | Bogotá | Bogotá | 28/04/2017 | 10.00 | Año 6, No 36 | SE | 006000 | 28/04/2017 | Ej. 1 | 28/04/2017 | Donación | Periodica o revista | |||||
| Local | Hemeroteca | 1996 | 2 | 7 | Bogotá | Bogotá | 28/04/2017 | 10.00 | Año 2, No 7 | SE | 005943 | 28/04/2017 | Ej. 1 | 28/04/2017 | Donación | Periodica o revista | |||||
| Local | Hemeroteca | 2001 | 6 | 38 | Bogotá | Bogotá | 28/04/2017 | 10.00 | Año 6, No 38 | SE | 006002 | 28/04/2017 | Ej. 1 | 28/04/2017 | Donación | Periodica o revista | |||||
| Local | Hemeroteca | 2006 | 68 | Bogotá | Bogotá | 28/04/2017 | 10.00 | Número 68 | SE | 026760 | 28/04/2017 | Ej. 1 | 28/04/2017 | Donación | Periodica o revista | ||||||
| Local | Hemeroteca | 2006 | 67 | Bogotá | Bogotá | 28/04/2017 | 10.00 | Número 67 | SE | 023266 | 28/04/2017 | Ej. 1 | 28/04/2017 | Donación | Periodica o revista |